Cours moderne. Part I . Junior course (Record no. 29400)

MARC details
000 -LEADER
fixed length control field 00300nam a2200121Ia 4500
082 ## - DEWEY DECIMAL CLASSIFICATION NUMBER
Classification number 804
Item number ASC
100 ## - MAIN ENTRY--AUTHOR NAME
Personal name Ascher, J
245 #0 - TITLE STATEMENT
Title Cours moderne. Part I . Junior course
260 ## - PUBLICATION, DISTRIBUTION, ETC. (IMPRINT)
Place of publication Bombay
Name of publisher Allied
Year of publication 1974
700 ## - ADDED ENTRY--PERSONAL NAME
Personal name Hatfield, H A
942 ## - ADDED ENTRY ELEMENTS (KOHA)
Koha item type Books
Holdings
Withdrawn status Lost status Damaged status Not for loan Home library Current library Date acquired Cost, normal purchase price Full call number Accession Number Koha item type
        RRII Library RRII Library 16/12/2021 6.50 804 ASC 09987 Books